Loading...
| Current Events | 2 | 20.00 | 100% | 100% | 0% |
| Fine Arts - Auditory Fine Arts | 9 | 18.89 | 89% | 89% | 11% |
| Fine Arts - Other Fine Arts | 8 | 15.00 | 100% | 50% | 0% |
| Fine Arts - Visual Fine Arts | 9 | 14.44 | 100% | 33% | 11% |
| Geography | 1 | 20.00 | 100% | 100% | 0% |
| History - American History | 10 | 21.00 | 100% | 90% | 20% |
| History - European History | 7 | 18.57 | 100% | 86% | 0% |
| History - Other History | 10 | 21.00 | 100% | 70% | 40% |
| History - World History | 6 | 21.67 | 100% | 83% | 33% |
| Literature - American Literature | 9 | 16.67 | 100% | 67% | 0% |
| Literature - British Literature | 7 | 17.14 | 86% | 71% | 14% |
| Literature - European Literature | 9 | 13.33 | 100% | 33% | 0% |
| Literature - World Literature | 9 | 17.78 | 100% | 56% | 22% |
| Mythology | 9 | 15.56 | 100% | 44% | 11% |
| Other Academic | 1 | 20.00 | 100% | 100% | 0% |
| Philosophy | 7 | 15.71 | 100% | 29% | 29% |
| Pop Culture | 2 | 20.00 | 100% | 100% | 0% |
| Religion | 6 | 18.33 | 100% | 67% | 17% |
| Science - Biology | 6 | 21.67 | 100% | 100% | 17% |
| Science - Chemistry | 8 | 17.50 | 100% | 75% | 0% |
| Science - Other Science | 5 | 22.00 | 100% | 100% | 20% |
| Science - Physics | 10 | 22.00 | 100% | 90% | 30% |
| Social Science | 7 | 18.57 | 100% | 71% | 14% |